000
00292nam a22001337a 4500
008
170911b xxu||||| |||| 00| 0 eng d
020
_a
9780838561430
041
_a
eng
080
_2
4 ED
_a
53
100
_a
43
101
_a
FIZ
245
_a
PHYSICAL AGENTS
_c
HAYES.K.W
942
_2
udc
_c
BK
999
_c
27122
_d
27122